Postoje k podnikaniu - možnosti ich zisťovania a využitia
Postoje úspešných slovenských podnikateľov k ich podnikateľskej činnosti - zistené na základe empirického výskumu. Vzťah podnikateľstva k tvorivosti, osobné vlastnosti, motivácia a sociálno-psychologické aspekty podnikateľstva. Zdroje úspešnosti pripisujú podnikatelia osobnosti. Zdroje bariér a neús...
Saved in:
| Main Author: | |
|---|---|
| Format: | Book Chapter |
| Language: | Slovak |
| Subjects: | |
| Tags: |
No Tags, Be the first to tag this record!
|
MARC
| LEADER | 00000naa a2200000 4500 | ||
|---|---|---|---|
| 001 | r020581 | ||
| 005 | 20221129134023.0 | ||
| 041 | 0 | |a slo | |
| 044 | |a CZ | ||
| 245 | 1 | 0 | |a Postoje k podnikaniu - možnosti ich zisťovania a využitia |c M. Jurčová |
| 520 | |a Postoje úspešných slovenských podnikateľov k ich podnikateľskej činnosti - zistené na základe empirického výskumu. Vzťah podnikateľstva k tvorivosti, osobné vlastnosti, motivácia a sociálno-psychologické aspekty podnikateľstva. Zdroje úspešnosti pripisujú podnikatelia osobnosti. Zdroje bariér a neúspešnosti podnikateľov - nedoceňovanie sociálnych väzieb a odbornej pripravenosti. | ||
| 610 | 2 | 0 | |a podnikanie |
| 610 | 2 | 0 | |a výskum |
| 610 | 2 | 0 | |a osobnosť |
| 610 | 2 | 0 | |a podnikatelia |
| 610 | 2 | 0 | |a sebarealizácia |
| 610 | 2 | 0 | |a vzdelávanie |
| 610 | 2 | 0 | |a Slovensko |
| 100 | 1 | |a Jurčová, M. | |